01509nam a2200349 a 4500001001000000003000500010005001700015008004100032010001100073011001100084040000900095090001000104100003700114245013600151260004100287500006000328502008500388590004100473590004000514590004000554650004000594650005700634650004900691700003500740856006600775901000700841942001000848942000600858999001900864952014000883952013601023000113143CHAP20220329144340.0170502s2016 mx a fsm |||||||spa d a109604 a110576 cCHAP aTesis1 aRoldan Guzmán, Valeria913208010aCultivo de lilium (Lilium sp.) tipo oriental CV.Tabledance en un sistema acúaponico /h[En línea]cpor Valeria Roldan Guzmán. aChapingo, Méx. :bEl autor,c2016. aPara ver el contenido del material haga clic en la liga aTesis (Agrónomo en Horticultura Protegida) -- UACH. Departamento de Fitotecnia aE11695DGDb10c20170502lUCH01h1029 aE8697GMMb05c20170502lUCH01h0946 aE8697GMMb05c20170502lUCH01h100214aFertilizantesxAplicación.94045014aLiliumxCultivos acuapónicosxRendimiento.913208214aSoluciones nutritivasxAplicación.91309111 aGarcía Jaimes, Angel9132081 aFinding aiduhttp://10.13.5.2/tesis/sist113143zTeclea aquí aBK cTESIS n0 c109604d109604 00102local4053708TESISaBCbBCcPA_TESISd2017-05-02fTESISl0oTesisp33724002525926r2019-12-31 00:00:00tc.2w2019-12-31yTESIS 00104054718TESISaBCbBCd2017-05-02fTESISl0oTesisp33724002525967r2019-12-31 00:00:00w2019-12-31yTESISzRecien adquirido